000 00239nam a2200097Ia 4500
005 20251222175817.0
008 251222s9999||||xx |||||||||||||| ||spa||
082 _aDVD0010/K87/2001
245 0 _aCara de guerra:Full Metal Jacket
942 _cDVD
999 _c40353
_d40353